Tự học in lụa

Guardat en:
Dades bibliogràfiques
Autor principal: Tam Linh
Format: Llibre
Idioma:Vietnamese
Publicat: Thống kê 2001
Etiquetes: Afegir etiqueta
Sense etiquetes, Sigues el primer a etiquetar aquest registre!
Thư viện lưu trữ: Mạng thư viện Đại học Đà Nẵng
LEADER 00589nam a2200253 4500
001 000022069
003 18517
005 20150424140459.0
008 150424s2001 viesd
020 |c 150000 
041 0 |a vie 
082 1 4 |a 764,8  |b TA-L 
100 1 |a Tam Linh 
245 1 0 |a Tự học in lụa  |c Tam Linh 
260 |b Thống kê  |c 2001 
300 |a tr.  |c cm. 
OWN |a LSP 
999 |a From the UDN01 
TYP |a Monograph 
TYP |a Printed language 
980 |a Mạng thư viện Đại học Đà Nẵng